| 000 | 00476nam a2200169Ia 4500 | ||
|---|---|---|---|
| 008 | 231217s9999 xx 000 0 und d | ||
| 041 | _aEnglish | ||
| 082 | _a001.642 STA;3 R | ||
| 100 | _aStallings, William | ||
| 245 | 0 | _aOperating systems : Internals and design principles | |
| 250 | _a4th ed. | ||
| 260 |
_c2001 _bPrentice-Hall, _aNew Delhi |
||
| 300 | _axviii+779 | ||
| 500 | _awithdrawn on 29 July 2015 | ||
| 650 | _aOperating,systems,:,Internals | ||
| 942 | _cAA | ||
| 999 |
_c170399 _d170399 |
||